Normal view
MARC view
Entry Topical Term
001 - CONTROL NUMBER
- control field: 36668
003 - CONTROL NUMBER IDENTIFIER
- control field: dpl
005 - DATE AND TIME OF LATEST TRANSACTION
- control field: 20111208163853.0
008 - FIXED-LENGTH DATA ELEMENTS
- fixed length control field: 111208|||a|||||| | ||| d
040 ## - CATALOGING SOURCE
- Original cataloging agency: dpl
- Transcribing agency: dpl
150 ## - HEADING--TOPICAL TERM
- Topical term or geographic name as entry element: Education
- Geographic subdivision: India
- General subdivision: Social aspects
- General subdivision: History
670 ## - SOURCE DATA FOUND
- Source citation: Work cat.: (dpl)58862: 1951- 36666, The concept of race in South Asia /, 2011
670 ## - SOURCE DATA FOUND
- Source citation: Work cat.: (dpl)58862: 1951- 36666, The concept of race in South Asia /, 2011
